El régimen de la tierra en el reino austerleones hace mil años

Saved in:
Bibliographic Details
Main Author: Sánchez Albornoz, Claudio (Author)
Format: Book
Language:Spanish
Published: Buenos Aires Universidad de Buenos Aires 1978
Subjects:
Tags: Add Tag
No Tags, Be the first to tag this record!

MARC

LEADER 00000nam a2200000 a 4500
001 UCO1649
003 CL-VaPUC
008 000519e19780000AG |||||||||||||||||spa|d
082 0 4 |a 333.3  |b SAN  |2 21 
100 0 |a Sánchez Albornoz, Claudio  |e author  |9 333786 
245 1 3 |a El régimen de la tierra en el reino austerleones hace mil años 
300 |a 248 p 
942 |c BK 
945 |d 20000519 00:00:00  |a rherrera 
260 |a Buenos Aires  |b Universidad de Buenos Aires  |c 1978 
650 7 |a DERECHO AGRARIO  |2 CL-VaPUC  |9 321361 
650 0 |a Derecho de propiedad  |9 256450 
650 7 |a ESPAÑA MEDIEVAL  |2 CL-VaPUC  |9 395710 
651 0 |a España  |9 254926 
651 7 |a ASTURIAS  |2 CL-VaPUC  |9 268747 
651 7 |a LEON  |2 CL-VaPUC  |9 366374 
583 |a last modification  |c 20000519 00:00:00  |k Rodrigo Vera 
999 |c 288253  |d 288251 
952 |0 0  |1 0  |4 0  |6 333_300000000000000_SAN_1978  |7 0  |8 A  |9 335824  |a BIBHIS  |b BIBHIS  |d 2019-11-20  |i 1282042  |o 333.3 SAN 1978  |p 1282042  |r 2025-01-20  |w 2019-11-20  |y BK  |k HIS